000 00632nam a2200205Ii 4500
003 JO-AjNU
008 230605s9999||||xx |||||||||||||| ||und||
040 _aJO-AjNU
_bara
_erda
_cJO-AjNU
041 _aara
050 1 4 _aKMJ913.X3422.1980
100 3 _aياملكي ، اكرم ، الشماع ، فائق ,
_eauthor
_914515
245 0 0 _aالقانون التجاري
250 _a(د،ط)
264 3 1 _aبغداد : جامعة بغداد ، 1980
300 _a488ص
336 _atext
_btxt
_2rdacontent
337 _aunmediated
_bn
_2rdamedia
338 _avolume
_bnc
_2rdacarrier
650 4 _aقانون تجاري
_914516
999 _aA3889
_c7457
_d7457